| 000 | 00427nam a2200157 i 4500 | ||
|---|---|---|---|
| 001 | 57636 | ||
| 003 | ES-MaACL | ||
| 005 | 20230906163620.0 | ||
| 007 | t| | ||
| 008 | 031017s1969 sp ||||1| spa d | ||
| 100 | 1 |
_aDuato, Manuel. _945737 |
|
| 245 | 1 | 0 |
_aSudamérica en mi maleta / _cManuel Duato. |
| 260 |
_a[Madrid : _bApostolado de la Prensa, _c1969] |
||
| 300 |
_a287 p. ; _c18 cm. |
||
| 852 |
_aES-MaACL _jC-35938 _bR.69515 |
||
| 999 |
_c57636 _d57636 |
||